Chemical Chaos

Αποθηκεύτηκε σε:
Λεπτομέρειες βιβλιογραφικής εγγραφής
Κύριος συγγραφέας: Scott, Stephen K.
Μορφή: Βιβλίο
Γλώσσα:English
Δημοσίευση: Oxford : Clarendon Press, 1993
Σειρά:International series of monographs on chemistry ; ; 24
Θέματα:
Ετικέτες: Προσθήκη ετικέτας
Δεν υπάρχουν, Καταχωρήστε ετικέτα πρώτοι!

MARC

LEADER 00000nam a2200000 i 4500
001 1/38898
008 950131s1993 eng d
020 |a 0-19-855658-6 
035 |a 1994  |c ΜΑΡΟΥΛΗΣ  |l 10040876 
040 |a GR-MY-UA  |b gre  |e aacr 
041 0 |a eng 
082 0 |a 541. 
100 1 |a Scott, Stephen K. 
245 1 0 |a Chemical Chaos /  |c Stephen K. Scott 
260 |a Oxford :   |b Clarendon Press,   |c 1993 
300 |a 454 p.;  |c 24 cm. 
490 1 |a International series of monographs on chemistry  |v ; 24 
500 |a Includes index 
650 0 0 |a Chemistry, Physical and theoretical. 
650 0 0 |a Chaotic behavior in systems. 
830 0 |a International series of monographs on chemistry ;  |v ; 24 
852 |a INST  |b SAMOS  |e 19950131  |h 541 SCO  |p 005300006005  |q 005300006005  |t BK  |y 0 
909 |a Σ  |b 038729